| 000 | 00000nam 2200000zi 4500 |
| 001 | 9.909338 |
| 003 | CaOODSP |
| 005 | 20240122160204 |
| 006 | m o d f |
| 007 | cr cn||||||||| |
| 008 | 220323t20222022qucd ob f000 0 eng d |
| 020 | |a9780660426860 |
| 040 | |aCaOODSP|beng|erda|cCaOODSP |
| 043 | |an-cn--- |
| 086 | 1 |aEn4-460/2022E-PDF |
| 245 | 00|a2030 emissions reduction plan : |bCanada's next steps to clean air and a strong economy. |
| 264 | 1|aGatineau, QC : |bEnvironment and Climate Change Canada = Environnement et changement climatique Canada, |c2022. |
| 264 | 4|c©2022 |
| 300 | |a1 online resource (1 volume (various pagings)) : |bcharts |
| 336 | |atext|btxt|2rdacontent |
| 337 | |acomputer|bc|2rdamedia |
| 338 | |aonline resource|bcr|2rdacarrier |
| 500 | |aCover title. |
| 500 | |aThe copy has been replaced on June 2, 2022 as requested by the issuing department. |
| 500 | |aIssued also in French under title: Plan de réduction des émissions pour 2030 : prochaines étapes du Canada pour un air pur et une économie forte. |
| 504 | |aIncludes bibliographical references. |
| 650 | 0|aGreenhouse gas mitigation|xGovernment policy|zCanada. |
| 650 | 0|aCarbon dioxide mitigation|xGovernment policy|zCanada. |
| 650 | 0|aIndustries|xEnvironmental aspects|xGovernment policy|zCanada. |
| 650 | 0|aClimate change mitigation|xGovernment policy|zCanada. |
| 710 | 1 |aCanada. |bEnvironment and Climate Change Canada, |eissuing body. |
| 775 | 08|tPlan de réduction des émissions pour 2030 : |w(CaOODSP)9.909339 |
| 856 | 40|qPDF|s2.42 MB|uhttps://publications.gc.ca/collections/collection_2022/eccc/En4-460-2022-eng.pdf|z(The copy has been replaced on June 2, 2022 as requested by the issuing department) |